Nommez un Monarque Français Valide - Statistiques

Statistiques générales
  • Ce quiz a été pris 8 069 fois
  • Le résultat moyen est 8 sur 20
Statistiques - réponses
Nommez un monarque... Réponses possibles % Correct
qui a été assassiné ou exécuté Childéric 2 | Henri 3 | Henri 4 | Louis 16
97%
ayant participé à une croisade Louis 7 | Philippe 2 | Louis 8 | Louis 9 | Philippe 3
73%
portant un nom unique parmi les rois de France Childebert 3 | Chilpéric 2 | Pépin | Eudes | Raoul | Lothaire | Hugues | Louis-Philippe
53%
qui a épousé une Habsbourg François 1er | Charles 9 | Louis 13 | Louis 14 | Louis 16 | Napoléon 1er
52%
qui a régné pendant la Guerre de Cent Ans Philippe 6 | Jean 2 | Charles 5 | Charles 6 | Charles 7
52%
ayant porté le titre d'Empereur d'Occident Charles 1er | Louis 1er | Charles 2 | Charles 3 (le Gros)
47%
qui s'est converti au catholicisme Clovis 1er | Henri 4
46%
fils de Catherine de Médicis François 2 | Charles 9 | Henri 3
37%
contemporain de Martin Luther Charles 8 | Louis 12 | François 1er | Henri 2 | François 2
33%
qui est un « Roi Maudit » Philippe 4 | Louis 10 | Jean 1er | Philippe 5 | Charles 4
33%
ayant été excommunié Robert 2 | Philippe 1er | Philippe 2 | Louis 7 | Philippe 4 | Louis 12 | Henri 3 | Henri 4 | Louis 14 | Napoléon 1er
30%
qui a expulsé les juifs de France Dagobert 1er | Philippe 2 | Louis 9 | Philippe 4 | Charles 4 | Charles 6 | Charles 8 | Louis 12 | Louis 14 | Louis 15
29%
ayant régné sur la France par deux fois Napoléon 1er | Louis 18
28%
ayant régné pendant une épidémie de peste Clotaire 1er | Philippe 6 | Jean 2 | Charles 5 | Louis 13 | Louis 15
26%
marié à une Duchesse de Bretagne Charles 8 | Louis 12 | François 1er
23%
ayant été sujet aux raids vikings Charles 1er | Louis 1er | Charles 2 | Louis 2 | Louis 3 | Carloman 2 | Charles 3 (le Gros) | Robert 2
22%
qui demeure le seul monarque de sa dynastie Raoul | Louis-Philippe
22%
mort en se cognant contre un linteau de porte Louis 3 | Charles 8
21%
qui n'a pas été sacré (après le premier sacre de 751) Jean 1er | Louis 18 | Napoléon 2 | Louis-Philippe | Napoléon 3
20%
ayant régné moins d'un an Jean 1er | Robert 1er | Napoléon 2
20%
Aucun quiz correspondant
Distribution des résultats
% des personnes avec chaque résultat
Percentile par nombre de réponses
Votre historique - résultats
Vous n’avez pas pris ce quiz